000 00346 a2200133 4500
999 _c324938
_d324938
001 89865
003 NUST
082 _a891.4393 NAT
100 _aNat Taigor Rabinder
_99874
245 _aRabinder Nat Taigor Ke Bemasal Afsanay
_hUrdu
260 _aLahore
_bAlhamd Publications
_c2008
300 _a304p.
500 _aGeneral Books
942 _aCAE NUST
_cBK
_k891.4393 NAT
_2ddc